000 00458nam a2200169Ia 4500
003 GCL
008 140319s9999 xx 000 0 eng d
040 _aGCL /
_cGCL
082 0 4 _a780.92
_bM P
100 1 _aMESSIP, CATHERINE
245 1 0 _aPORTRAITS D'ALIVIER MESSIAEN /
_cMESSIP, CATHERINE
260 _a[S.N] :
_bBIBLIOTHEQUE NATIONALE DU QUEBEC ،
_c1996
300 _a175 P
650 0 4 _aMUSIC
650 0 4 _aMUSICIANS - BIOGRAPHIES
942 _2ddc
_cBK
999 _c16107
_d16107